000
00250nam a2200085Ia 4500
245
0
_a
Start and run an Internet business
100
_a
Strange, Carol Anne Oxford, 2009 2nd ed
_9
96100
942
_c
BK
008
210817s9999 xx 000 0 und d
999
_c
402478
_d
402477